Missing Word: Movie Words Ending in 'O' Quiz Stats

 Plays Quiz Updated Aug 31, 2017

Challenge
Share
Tweet
Embed
Score 0/20 Timer 04:00
3 Plays Today
Hint Missing Word % Correct
_____ + JulietRomeo
98.1%
Finding _____Nemo
97.9%
_____ RoyaleCasino
97.7%
_____ 13Apollo
93.4%
_____ Dark ThirtyZero
91.6%
Last Action _____Hero
90%
_____ UnchainedDjango
87.8%
The Lord of the Rings: The _____ TowersTwo
87.6%
Letters from _____ JimaIwo
87.5%
Gran _____Torino
86.4%
Hint Missing Word % Correct
Donnie _____Darko
84.5%
We Bought a _____Zoo
84.1%
_____ the WoodsInto
82.4%
Last _____ in ParisTango
79%
American _____Psycho
73.3%
_____ de BergeracCyrano
69.2%
Cinema _____Paradiso
40.7%
_____ SoldiersBuffalo
38.4%
_____ JackKangaroo
36.4%
My Neighbor _____Totoro
29.4%

Today's Daily Dose

You're not logged in!

Compare scores with friends on all Sporcle quizzes.
Join for Free
OR
Log In

You Might Also Like...

Show Comments

Extras

Top Quizzes Today


Score Distribution

Your Account Isn't Verified!

In order to create a playlist on Sporcle, you need to verify the email address you used during registration. Go to your Sporcle Settings to finish the process.

Report this User

Report this user for behavior that violates our Community Guidelines.

Details: